Top 100 Baby Girls Names in the UK for 2020 - Statistics

General Stats
  • This quiz has been taken 1,257 times
  • The average score is 56 of 100
Answer Stats
Hint Answer % Correct
2 Olivia
93%
13 Emily
88%
38 Emma
88%
19 Charlotte
86%
4 Lily
86%
3 Amelia
84%
71 Eliza
84%
61 Anna
83%
6 Ava
83%
1 Sophia
83%
11 Ella
81%
47 Sarah
81%
20 Hannah
79%
10 Isabella
79%
21 Sophie
79%
14 Grace
78%
7 Mia
78%
41 Chloe
77%
60 Lucy
77%
39 Ellie
76%
84 Rose
76%
42 Eva
75%
51 Jessica
74%
5 Isla
73%
49 Zoe
73%
23 Alice
72%
40 Daisy
72%
35 Molly
72%
17 Poppy
72%
16 Rosie
72%
63 Bella
70%
18 Evie
69%
15 Isabelle
69%
12 Ivy
69%
31 Millie
69%
50 Holly
67%
22 Ruby
67%
79 Abigail
65%
9 Freya
65%
34 Evelyn
64%
64 Violet
64%
73 Maria
63%
80 Georgia
62%
32 Zara
62%
8 Aria
61%
24 Willow
61%
69 Eleanor
60%
25 Elsie
59%
26 Florence
58%
30 Maya
58%
75 Lola
56%
78 Clara
55%
70 Jasmine
55%
45 Layla
55%
62 Lyla
54%
55 Scarlett
54%
29 Luna
53%
82 Nora
53%
28 Sienna
53%
56 Erin
52%
88 Iris
52%
89 Penelope
52%
90 Gracie
51%
44 Harper
51%
96 Madison
51%
37 Mila
50%
33 Phoebe
50%
46 Matilda
49%
36 Ada
48%
85 Harriet
48%
43 Maisie
47%
77 Amber
45%
48 Esme
44%
76 Imogen
44%
86 Amelie
41%
74 Darcie
40%
27 Emilia
40%
91 Nancy
40%
67 Lottie
38%
81 Orla
38%
58 Thea
36%
65 Aurora
33%
72 Bonnie
33%
100 Niamh
32%
57 Arabella
30%
87 Eden
30%
97 Mabel
26%
59 Fatima
25%
68 Hallie
25%
99 Delilah
24%
53 Robyn
22%
66 Ayla
21%
92 Margot
20%
93 Aisha
18%
54 Maryam
18%
83 Eliana
16%
52 Nur
12%
98 Talia
12%
95 Zainab
8%
94 Anaya
6%
No matching quizzes found
Score Distribution
Percent of People with Each Score
Percentile by Number Answered
Your Score History
You have not taken this quiz